|
|
|
|
| LEADER |
00763cam a2200205 7i4500 |
| 001 |
0000093528 |
| 005 |
20110614090000.0 |
| 008 |
110614s2010 -uk eng |
| 020 |
# |
0 |
|a 9781444334746 (hardcover : alk. paper)
|
| 020 |
# |
0 |
|a 9781405113328 (pbk. : alk. paper)
|
| 090 |
0 |
0 |
|a QH 541.5 .F7
|b M67 2010
|
| 100 |
1 |
# |
|a Moss, Brian
|
| 245 |
1 |
0 |
|a Ecology of freshwaters :
|b a view for the twenty-first century
|c Brian Moss.
|
| 250 |
# |
# |
|a 4th ed..
|
| 260 |
# |
# |
|a West Sussex, UK:
|b John Wiley & Sons,
|c 2010.
|
| 300 |
# |
# |
|a ix, 470 p.:
|b ill., maps;
|c 26 cm..
|
| 504 |
0 |
0 |
|a Includes bibliographical references and index
|
| 650 |
0 |
0 |
|a Freshwater ecology
|
| 999 |
|
|
|a 1100080216
|b Book
|c Open Shelf
|e KOLEKSI TERBUKA
|
| 999 |
|
|
|a 1100080048
|b Book
|c Open Shelf
|e KOLEKSI TERBUKA
|